Land use change statistics in England (Record no. 83301)

MARC details
000 -LEADER
fixed length control field 01238cad a22002055a 4500
001 - CONTROL NUMBER
control field L153459
008 - FIXED-LENGTH DATA ELEMENTS--GENERAL INFORMATION
fixed length control field 110729s2011 xxk f 000 0 eng d
035 ## - SYSTEM CONTROL NUMBER
System control number (Sirsi) u153459
041 0# - LANGUAGE CODE
Language code of text/sound track or separate title eng
110 2# - MAIN ENTRY--CORPORATE NAME
Corporate name or jurisdiction name as entry element United Kingdom
Subordinate unit Department for Communities and Local Government
9 (RLIN) 4939
245 00 - TITLE STATEMENT
Title Land use change statistics in England
Remainder of title 2010 provisional estimates
260 ## - PUBLICATION, DISTRIBUTION, ETC.
Date of publication, distribution, etc. 2011
490 #0 - SERIES STATEMENT
Series statement DCLG Planning Statistical Release
Volume/sequential designation July 2011
520 ## - SUMMARY, ETC.
Summary, etc. In 2010 on a provisional estimate, 76 per cent of dwellings (including conversions) were built on previously-developed land, a decrease from 80 per cent in 2009, new dwellings were built at an average density of 43 dwellings per hectare, an increase from 41 dwellings per hectare in 2009 and 9 per cent of dwellings were built within areas of high flood risk (a decrease from 11 per cent in 2009) and 5 per cent of land changing to residential use was within areas of high flood risk (a decrease from 6 per cent in 2009).
590 ## - LOCAL NOTE (RLIN)
Local note KA NTK
651 #4 - SUBJECT ADDED ENTRY--GEOGRAPHIC NAME
Geographic name England
Chronological subdivision 886-
690 ## - LOCAL SUBJECT ADDED ENTRY--TOPICAL TERM (OCLC, RLIN)
Topical term or geographic name as entry element PROPERTY-PROPERTY ACQUISITION AND DISPOSAL
856 40 - ELECTRONIC LOCATION AND ACCESS
Uniform Resource Identifier <a href="https://www.communities.gov.uk/documents/statistics/pdf/1955706.pdf">https://www.communities.gov.uk/documents/statistics/pdf/1955706.pdf</a>
Public note View the item free of charge at www.communities.gov.uk
942 ## - ADDED ENTRY ELEMENTS (KOHA)
Suppress in OPAC 0
Holdings
Withdrawn status Lost status Source of classification or shelving scheme Damaged status Not for loan Home library Current library Shelving location Date acquired Total Checkouts Full call number Barcode Date last seen Copy number Price effective from Koha item type
    Dewey Decimal Classification     Virtual Virtual Online 29/07/2011   ONLINE PUBLICATION 153459-2001 06/08/2019 1 06/08/2019 Book